C'est quoi cette montagne? - Statistiques

Statistiques générales
  • Ce quiz a été pris 23 fois
  • Le résultat moyen est 3 sur 12
Statistiques - réponses
Par images Réponse % Correct
Mont Blanc
100%
Aiguille du Midi
53%
Mont Ventoux
35%
La Tournette
29%
Aiguille Verte
24%
Pierra Menta
24%
Aiguille de la Grande Sassière
12%
Mont Pourri
12%
Mont Charvin
6%
Mont Tondu
6%
Mont Veyrier
6%
Pointe Percée
6%
Aucun quiz correspondant
Distribution des résultats
% des personnes avec chaque résultat
Percentile par nombre de réponses
Votre historique - résultats
Vous n’avez pas pris ce quiz